000 00720nam a2200229 a 4500
005 20240228064131.0
008 140520s2007 mx r 000 0 spa d
020 _a9706832653 (10 dígitos)
020 _a9789706832658 (13 dígitos)
035 _aUPN01000197333
049 _aI
050 4 _aPZ78
_bL4.7
245 0 4 _aLas letras misteriosas /
_ced. Margarita de Orellana ; il. Leonardo Vázquez.
260 _aMéxico :
_bArtes de México,
_c2007.
300 _a16 p. :
_bil. col.
440 0 _aLibros del Alba
650 4 _aLibros y lectura para niños
_92290
650 4 _aALFABETO -
_vLITERATURA INFANTIL
_911217
700 1 _aOrellana, Margarita de,
_eed.
_939655
905 _aInfantil
999 _c169434
_d169434